Quiz o Górach Sowich - Statystyki

Ogólne statystyki
  • Ten quiz został rozwiązany 56 razy
  • Średni wynik to 6 z 14
Statystyki odpowiedzi
Wskazówka Odpowiedź % Poprawnych
W jakim województwie znajdują się Góry Sowie? Dolnośląskie
93%
Najwyższy szczyt Gór Sowich. Wielka Sowa
93%
Nazwa twierdzy położonej w Górach Sowich. Srebrna Góra
68%
Drugi najwyższy szczyt Gór Sowich. Mała Sowa
50%
Jaka rzeka oddziela Góry Sowie od Gór Bardzkich? Nysa Kłodzka
48%
Popularna do wycieczek góra z wieżą widokową na szczycie. Kalenica
43%
Gatunek owcy występujący dziko w Górach Sowich. Muflon
43%
Duża wieś położona u podnóża najwyższej góry Gór Sowich. Walim
43%
Miasto u podnóża Gór Sowich. Bielawa
40%
Jaki zbiornik wodny oddziela Góry Sowie od Gór Wałbrzyskich? Jezioro Bystrzyckie
33%
Najpopularniejsze schronisko. Zygmuntówka
33%
Wykopana dla nazistów przez więźniów podziemna sieć tuneli i pomieszczeń, jedna z największych atrakcji Gór Sowich. Podziemne Miasto Osówka
25%
Jakiego typu obiekt przedstawia herb Parku Krajobrazowego Gór Sowich? Wieża Widokowa
10%
Najwyżej położona przełęcz. Kozie Siodło
5%
Nie znaleziono quizów pasujących do podanych kryteriów
Rozkład punktacji
Procent ludzi z każdym wynikiem
Percentyl według liczby udzielonych odpowiedzi
Twoja historia wyników
Nie rozwiązałeś tego quizu